00437ntaaa2200169 45000030003000000050017000030080021000200400037000410820017000781000027000952450030001222500010001522600044001623000010002065000038002166500013002540120251027202057.00714s1973 ag 01  aAR-BaBNbspacAR-BaBNeaacrdRIC a252.0000 M19 aMackay, W. Mackintosh  aBible types of modern men a4 ed. aLondon : bHodder and Stoughton, cn.f. a326 p aA course of lectures to young men asermones